| 000 | 01132cab a22002175a 4500 | ||
|---|---|---|---|
| 001 | L137804 | ||
| 008 | 070501e2007 xxk 000 0 eng d | ||
| 035 | _a(Sirsi) u137804 | ||
| 041 | 0 | _aeng | |
| 110 | 2 |
_aCITB-ConstructionSkills _94992 |
|
| 245 | 0 | 0 |
_aNew apprenticeship scheme drives up work placements _h[electronic resource] |
| 260 | _c2007 | ||
| 490 | 0 |
_aCITB-ConstructionSkills Press Release _v25 April 2007 |
|
| 520 | _aAnnounces the roll out of the Programme Led Apprenticeships (PLA) scheme, which aims to provide 3 000 construction apprentice placements by 2008. The PLA provides an alternative structure to employers and enables young people to initially spend two years on a construction based college course. The PLA should help to address the lack of suitable work placements for construction trainees and therefore encourage skilled industry growth. | ||
| 590 | _aKA | ||
| 651 | 4 |
_aEngland and Wales _y1543- |
|
| 690 | _aBUILT ENVIRONMENT | ||
| 690 | _aCAREERS, EDUCATION AND TRAINING | ||
| 856 | 4 | 0 |
_uhttps://www.citb.co.uk/news/pressreleases/ _zView the item free of charge at www.citb.co.uk... |
| 942 | _n0 | ||
| 999 |
_c78716 _d78716 |
||